| 000 | 01130na a2200325 4500 | ||
|---|---|---|---|
| 001 | 21362 | ||
| 003 | MIRAKIL | ||
| 005 | 20181213155015.0 | ||
| 008 | 170204b tu 000 0 | ||
| 035 | _a21362 | ||
| 040 |
_aMilas _btur _cTR-AnCHP |
||
| 041 | _atur | ||
| 082 |
_aCHP 352 _bC36b 2006 |
||
| 090 | _aBROŞÜR 292 | ||
| 110 | _aCumhuriyet Halk Partisi (CHP) | ||
| 245 |
_aBelediye ve il genel meclisi üyeleri el kitabı _bŞubat 2006 _cCHP |
||
| 246 | _aCHP belediye ve il genel meclisi üyeleri el kitabı | ||
| 246 | _aCHP belediye meclisi üyeleri el kitabı | ||
| 246 | _aCHP il genel meclisi üyeleri el kitabı | ||
| 260 |
_aAnkara _bCHP _cŞubat 2006 |
||
| 300 |
_a114 s. _c20 sm. |
||
| 440 |
_aCumhuriyet Halk Partisi yayınları _pEl kitapları |
||
| 610 |
_aCumhuriyet Halk Partisi (CHP) _xBelediye meclis üyeleri _yEl kitapları, vb. |
||
| 610 |
_aCumhuriyet Halk Partisi (CHP) _xYerel yönetimler _yEl kitapları, vb. |
||
| 650 |
_aBelediyeler _xHukuk ve mevzuat _yEl kitapları, vb. |
||
| 657 | _aCHP el kitapları | ||
| 830 | _aCHP yayınları | ||
| 942 |
_2ddc _cBKS |
||
| 999 |
_c4717 _d4717 |
||